Όταν σκοτώνουν τα κοτσύφια

Αποθηκεύτηκε σε:
Λεπτομέρειες βιβλιογραφικής εγγραφής
Κύριος συγγραφέας: Lee, Harper, 1926-2016
Άλλοι συγγραφείς: Τράπαλη, Βικτώρια (trlf), Χατζηευστρατίου, Ευαγγελία (edtf)
Μορφή: Βιβλίο
Γλώσσα:Greek
English
Δημοσίευση: Αθήνα : Bell / Χαρλένικ Ελλάς, 2018.
Έκδοση:35η έκδ.
Θέματα:
Ετικέτες: Προσθήκη ετικέτας
Δεν υπάρχουν, Καταχωρήστε ετικέτα πρώτοι!

MARC

LEADER 00000nam a2200000 a 4500
001 1/116896
008 180626s2018####gr | ||| |||| ||gre||
020 |a 9789606204067 
040 |a GR-MyUa  |b gre  |c GR-MyUa  |e AACR2 
041 1 |a gre  |h eng 
082 7 |a 813.54   |2 (23) 
100 1 |a Lee, Harper,   |d 1926-2016. 
245 1 0 |a Όταν σκοτώνουν τα κοτσύφια /   |c Harper Lee ; μετάφραση: Βικτώρια Τράπαλη.  
250 |a 35η έκδ.  
260 |a Αθήνα :   |b Bell / Χαρλένικ Ελλάς,   |c 2018.  
300 |a 378 σ. ;   |c 21 εκ.  
500 |a Τίτλος πρωτοτύπου: To kill a mockingbird.  
500 |a Βραβείο Πούλιτζερ.  
650 0 |a American literature  |y 20th century. 
650 0 |a Women novelists  |x Fiction. 
650 0 |a American fiction  |y 20th century. 
700 1 |a Τράπαλη, Βικτώρια,  |e trlf 
700 1 |a Χατζηευστρατίου, Ευαγγελία,  |e edtf 
852 |a INST  |b RHODES  |c EUDOXUS  |e 20180626  |h 813.54 LEE  |p 005400040148  |q 005400040148  |t BK  |y 0 
920 |a Εύδοξος  |b Παραγγελία  |y Ρόδος-ΤΜΣ  |z 2018-04 
970 |a Κωτάκου  |b Μαρία  |z 26-06-2018